Countries That Contain Z - Statistics

General Stats
  • This quiz has been taken 70 times
  • The average score is 12 of 15
Answer Stats
Continent Country % Correct
Africa Zimbabwe
95%
Africa Zambia
92%
South America Brazil
90%
Asia Azerbaijan
89%
Oceania New Zealand
87%
South America Venezuela
87%
Europe Switzerland
85%
Asia Kazakhstan
82%
Asia Uzbekistan
82%
North America Belize
80%
Africa Tanzania
79%
Europe Bosnia and Herzegovina
77%
Europe Czech Republic
75%
Asia Kyrgyzstan
75%
Africa Mozambique
70%
No matching quizzes found
Score Distribution
Percent of People with Each Score
Percentile by Number Answered
Your Score History
You have not taken this quiz